000 00568nam a2200193Ia 4500
005 20250326144634.0
008 250326s9999 xx 000 0 und d
020 _a81-202-0624-4
037 _aAnnuals, Advances
040 _aFMSL
_beng
_cFMSL
041 _aeng
_2eng
084 _aX:9 P7;4
_qFMSL
100 _aDecenzo D A
_9736754
245 0 _aPersonnel/Human resource management
_cDecenzo D A; Robbins S P
260 _aNew Delhi
_bNew Delhi, Prentice Hall
_c1998
300 _a637p
942 _cTB
_hX:9 P7;4
999 _c1304424
_d1304424